000
00302nam a22001217a 4500
020
_a
0-906048-16-8
082
_a
621.381331 SPO'W
100
_a
SPORLEDER, F,UNGER, H. G
_9
75234
245
_a
WAVEGUIDE TAPES TRANSISTORS AND COUPLERS
260
_a
NEWYORK
_b
PETER
_c
1979
300
_a
302P
942
_c
BK
999
_c
580694
_d
580694